Name all rollercoasters in New Jersey - Statistics

General Stats
  • This quiz has been taken 20 times
  • The average score is 9 of 21
Answer Stats
Hint Answer % Correct
World's tallest Kingda Ka
100%
It derailed once El Toro
93%
A hyper Nitro
93%
Stand up Green Lantern
86%
Freespin The Joker
71%
RMC single rail Jersey Devil
64%
World's steepest TMNT Shellraiser
64%
Indoors in the dark Skull Mountain
57%
B&M invert Batman: The Ride
50%
Intamin with a turntable Sandy's Blasting Bronco
43%
By Zierer Harley Quinn Crazy Train
36%
World's longest freespining rollercoaster Shredder
36%
Indoor wild mouse The Dark Knight Coaster
36%
Gerstlauer Euro-Fighter Hydrus
29%
Kiddie coaster at 6 flags Runaway Mine Train
21%
Indoor family coaster Nickelodeon Slime Streak
14%
Compact ride Big Fury
0%
Wild Mouse Doo Wopper
0%
At a pier Star Jet
0%
Not seen often ride model Ultra Twister
0%
Steel coaster Wild Rider
0%
No matching quizzes found
Score Distribution
Percent of People with Each Score
Percentile by Number Answered
Your Score History
You have not taken this quiz